00420pab a2200133 454500008003600000100001700036245005200053650001700105650002100122773001400143909001000157999001700167952010200184180718b xxu||||| |||| 00| 0 eng d aRoy, Samaren aIndian by birth: the irrelevance of reservation a Reservation aBackward Classes aStatesman a21619 c21619d21619 00104070aIIPAbIIPAd2018-07-19hIssue no: 21 Apr.92, p.8pAR21688r2018-07-19w2018-07-19yAR